000
00344nam a2200133 a 4500
005
20140414132123.0
008
131210s19uu xx 00 eng d
050
_a
ER
_b
Ste796 19_ _
245
_a
Stegosaurus.
260
_a
Manila :
_b
WS Pacific Publications, Inc,
_c
19_ _.
300
_a
8
650
_a
Dinosaur-
_x
stegosaurus
999
_c
115134
_d
115134